Statistics for Last Names by Country of Origin

Click here to take the quiz!

General Stats

  • This quiz has been taken 119,159 times
    (101,273 since last reset)
  • The average score is 16 of 21

Answer Stats

NameCountry% Correct
SmithUnited Kingdom
97%
RodriguezSpain
94%
ChenChina
93%
O'DonnellIreland
93%
SchneiderGermany
91%
KimKorea
91%
DuboisFrance
89%
IvanovRussia / Bulgaria
89%
SørensenDenmark / Norway
85%
PapadopoulosGreece
85%
KowalskiPoland
83%
NakamuraJapan
81%
PatelIndia
73%
NguyenVietnam
73%
AbdullahSaudi Arabia
72%
ShevchenkoUkraine
70%
KardashianArmenia
64%
LombardiItaly
57%
IonescuRomania
53%
TeixeiraPortugal
50%
JafariIran
40%

Score Distribution

Percentile by Number Answered

Percent of People with Each Score

Your Score History

You have not taken this quiz since the last reset